00385cam a22000977a 4500008004000000082001500040245013400055260003500189300001000224700005300234180718b1971 xxu||||| |||| 00| 0 eng d aL2x44 Un3t aInteraction between the french tax system and those of developing countriescby Department of Economic and Social Affairs, U.S.A. aNew YorkbUnited Nationsc1971 a64+p. aU.S.A. Department of Economic and Social Affairs